LIBRARY & INFORMATION CENTRE, KCAET, TAVANUR

ONLINE PUBLIC ACCESS CATALOGUE (OPAC)

Farm Water Supplies: Planning and Installation (Record no. 14572)

MARC details
000 -LEADER
fixed length control field 00334nam a22001337a 4500
020 ## - INTERNATIONAL STANDARD BOOK NUMBER
ISBN 0750689129
082 ## - DEWEY DECIMAL CLASSIFICATION NUMBER
Classification number 628.720994
Item number SOU/FA
100 ## - MAIN ENTRY--AUTHOR NAME
Personal name Southorn,Neil
245 ## - TITLE STATEMENT
Title Farm Water Supplies: Planning and Installation
260 ## - PUBLICATION, DISTRIBUTION, ETC. (IMPRINT)
Place of publication Chatswood
Name of publisher Inkata Press
Year of publication 1995
300 ## - PHYSICAL DESCRIPTION
Number of Pages 144
490 ## - SERIES STATEMENT
Series statement Practical Farming
942 ## - ADDED ENTRY ELEMENTS (KOHA)
Koha item type Books

No items available.

free website counter